| 000 | 00455nam a2200169Ia 4500 | ||
|---|---|---|---|
| 008 | 230917s9999||||xx |||||||||||||| ||und|| | ||
| 020 | _cRS 450.00 | ||
| 040 |
_e5012533 _aMAIN |
||
| 041 | _aEnglish | ||
| 082 | _a791.430954 B469R | ||
| 100 | _aBhaskar, Kumar | ||
| 245 | 0 | _aRashtriyata aur hindi cinema | |
| 260 |
_aNew Delhi _bSanjay Prakashan _c2015 |
||
| 300 | _ax, 141 p. | ||
| 500 | _a4953 28/12/2022 SP22/8626 29/12/2022 Main Budget | ||
| 942 | _cBK | ||
| 999 |
_c8054 _d8054 |
||